Statistiques concernant Géopo

Cliquez ici pour prendre le quiz!

Statistiques générales

  • Ce quiz a été pris 80 fois
    (75 depuis la dernière actualisation)
  • Le résultat moyen est 14 sur 172

Statistiques - réponses

EvenementDate% Correct
débarquement en Normandie6 juin 1944
73%
Indépendance de la Namibie1989
40%
Installation des gouvernements en Corée1946
38%
Pacte de Rio1947
30%
Naissance de la RFA et de la RDA1949
30%
Les Accords de Camp David1978
27%
accord de paix Israël-Egypte | chute du gouvernement blanc au Zimbabwe | révolution iranienne1979
27%
Boycott des JO de Moscou1980
27%
Indépendance de Ceylan (Sri Lanka)1948
25%
Accord de Genève1954
25%
Conférence de Bandung1955
25%
premier satellite russe "Spoutnik"1957
25%
Conférence de Belgrade | Youri Gagarine dans l'espace1961
25%
Sommet d'Alger | début de la crise économique1973
25%
Bombe d'HiroshimaLittle Boy / 6 août 1945
25%
Coup d'Etat en Iran par Londres et Washington1953
24%
Programme Apollo et atterissage sur la Lune1969
24%
intervention américaine au Liban1958
22%
traité sur la non-prolifération des armes nucléaires1968
22%
indépendance des Comores1975
22%
Boycott des JO de Los Angeles1984
22%
Suicide d'Adolph Hitler30 Avril 1945
21%
"Révolution verte" en Inde1966
19%
lancement du TGV en France | émeute de la faim au Maroc1981
19%
arrivée de Gorbatchev au pouvoir1985
19%
élections libres en Corée du Sud1987
17%
Création de Samsung1938
16%
Création de Daewoo1967
16%
Indépendance du Djibouti1977
16%
Dissolution de l'URSS25 Décembre 1991
16%
Chute du Mur de Berlin9 Novembre 1989
14%
nom du projet nucléaire américainProjet Manhattan
14%
Guerre Iran-Irak1980-1988
13%
Capitulation du Japon2 Septembre 1945
13%
Fondation de l'étoile nord africaine1926
11%
Guerre du Viêt Nam1955-1975
11%
Nombre de polonais d'URSS déplacés2 Millions
11%
Nombre d'Allemands déplacés12 Millions
10%
Guerre d'Algérie1954-1962
10%
chute du Dow Jones22%
10%
Déclaration de guerre d l'URSS contre le Japon8 août 1945
10%
guerre d'Indochine1946-1954
8%
bilan juif en Pologne et en URSS3 Millions / 1,1 millions
8%
Conférence de Yalta4-11 février 1945
8%
Installation du mur de Berlin12-13 août 1961
6%
conférence de Potsdam17 Juillet - 2 Août 1945
6%
présidence de CDG1958-1969
6%
Mort de Staline5 mars 1953
6%
plan MarshallJuin 1947
6%
Ligue arabe | régime communiste en RoumanieMars 1945
6%
discours de Harry Truman sur le communismeMars 1947
6%
procès de NurembergNovembre 1945
6%
Doctrine JdanovSeptembre 1947
6%
Bombardement de Dresde13-14 février 1945
5%
Bataille de Berlin16 Avril - 2 Mai 1945
5%
la "coexistence pacifique"1958-1962
5%
crise des euromissiles1979-1987
5%
système de Bretton Woods22 Juillet 1944
5%
réunification allemande3 Octobre 1990
5%
révolution cubaineJanvier 1959
5%
Krach BoursierJeudi 24 Octobre 1929
5%
Blocus de BerlinJuin 1948 - Mai 1949
5%
Pacte de VarsovieMai 1955
5%
appel à l'indépendance du Maroc11 mars 1944
3%
aide américaine en Corée12,6 milliards de dollars
3%
Naissance de l'Etat d'Israël14 mai 1948
3%
Installation des missiles soviétiques à Cuba14 Octobre 1962
3%
répression en Libye par l'Italie1929-1933
3%
Conquête brutale de l'Ethiopie par l'Italie1935-1936
3%
Fondation du Baath (parti de l'unification arabe)1947 en Syrie
3%
plan quinquennal en Inde1950-1951
3%
conflit Kenya / Royaume-Uni1952-1960
3%
basculement soviétique Algérie / Cuba / Lybie1959, 1965, 1969
3%
affrontement Ethiopie-Somalie1977-1978
3%
politique de "l'enfant unique"1979-2015
3%
Nombre d'Allemands qui passent de l'Est à l'Ouest2,3 Millions entre 1952 et 1961
3%
nationalisation du Canal de Suez par Nasser26 juillet 1956
3%
Fondation de l'ONU26 Juin 1945, Charte de San Francisco
3%
Les accords de Bretton Woods27 Décembre 1945
3%
Bataille pour Manille3 février - 3 mars 1945
3%
création de l'OTAN4 Avril 1949
3%
bilan humain de la seconde guerre mondiale60 millions de victimes
3%
stock d'or des Etats-Unis en 194575% du stock de la planète
3%
début du mouvement "Quit India"août 1942
3%
répression du Printemps de PragueAoût 1968
3%
dissolution du KominformAvril 1956
3%
plus fort taux de croissance de 1966 à 1992Botswana
3%
nombres de morts durant la guerre de Coréeentre 2 et 3 millions de morts
3%
FMIFond monétaire international en 1944
3%
ComeconJanvier 1949
3%
Arrivée de Ronald Reagan au pouvoirJanvier 1981
3%
Guerre de CoréeJuin 1950 - Juillet 1953
3%
reprise officielle de la guerre civile chinoiseMars 1946
3%
Insurrection de BudapestNovembre 1956
3%
5e congrès panafricain de ManchesterOctobre 1945
3%
OUAOrganisation de l'unité africaine
3%
OPEPOrganisation des pays exportateurs de pétrole
3%
capital de l'anti-colonialisme dans l'entre deux-guerresParis
3%
Bilan humain de l'URSSplus de 20 millions
3%
chômage au Royaume-Uni en10% à 22% en 1932
2%
Conflit dans la région du Shanxi10 septembre 1945
2%
perte de la bataille d'Okinwa110 000 japonais / 12 000 américains
2%
importation soviétique de céréales12 millions de tonnes pour 1 milliards de dollars
2%
Alliance cino-soviétique14 février 1950
2%
Conférence des Etats indépendants d'Afrique15 avril 1958 au Ghana
2%
distance Paris - New York15h en 1950 à 6h en 1970
2%
habitant du tiers-monde en 1950 / en 19801,69 - 3,51 milliards d'habitants
2%
Révoltes ouvrières après la mort de Staline en RDA17 juin 1953
2%
morts sur les routes en France18 000 en 1972
2%
prix stable du pétrole1911-1973
2%
déplacement massif en Europe orientale1945-1946
2%
l'Inde sous la direction de Nehru1947-1964
2%
plan Dodge1949 pour aider le Japon
2%
Grand Bond en avant1958, rupture avec l'URSS
2%
SALT 1 / SALT 21972, Juin 1979
2%
choc pétrolier1973, cf guerre du Kippour
2%
guerre civile du Liban1976-1990
2%
explosion Chimique d'une usine américaine1984 à Bhopal en Inde
2%
Dissolution du Pacte de Varsovie1er Juillet 1991
2%
famine européenne1 millions de morts au début de 1947
2%
victime du Grand Bond en avant20 à 30 millions de morts.
2%
IDE américains2-13 milliards entre 1956 et 1973
2%
Long télégramme de Kennan22 février 1946
2%
baisse des investissements américains2,35-1,75 milliards entre 1930 et 1932
2%
Victime du Conflit Iran-Irak250 000 Irakiens / 800 000 Iraniens
2%
progression du Cours de Wall Street250% entre 1921 et 1929
2%
traité de Rome25 mars 1957
2%
Coup d'Etat du Parti communiste en Afghanistan27 avril 1978
2%
part de l'industrie dans la croissance38% des actifs dans les pays de l'OCDE
2%
importations américaines4,4-1,3 millions entre 1929 et 1932
2%
Discours de Churchill à Fulton5 mars 1946
2%
dette du tiers-monde en 1980650 milliards de dollars
2%
baisse des exportations américaines70% entre 1929 et 1932
2%
dette du tiers-monde en 19607,5 milliards de dollars
2%
double capitulation allemande7-8 Mai 1945 Reims, Berlin
2%
taux d'échange en Europe occidentale7% en 1948 à 15% en 1973
2%
accords de Matignon7 juin 1936
2%
Nationalisation des banques, entreprises et commerce soviétique89% en RDA, 99% en Pologne
2%
Charte de l'AtlantiqueAout 1941
2%
premier essai atomique russeaoût 1949
2%
"révolution blanche" en Iranà partir de 1963
2%
Blocus de Cubaà partir du 22 Octobre 1962
2%
bataille d'Okinawaavril-juin 1945
2%
5 pays permanent à l'ONU en 1945Chine, France, Royaume-Uni, Etats-Unis, URSS
2%
crise irano-soviétiquedébut 1946
2%
rapprochement cino-américaindébut des années 1970
2%
génocide tutsi par la majorité "Hutue"début des années 1990
2%
traité fondamental entre la RFA et la RDAdécembre 1972
2%
intervention militaire de l'URSS en AfghanistanDécembre 1979
2%
opposition au régime communiste au sein du blocété 1980
2%
ralentissement de la production industrielle américaineFin 1928
2%
endettement de l'Afrique subsaharienne en 1970moins de 6 milliards
2%
NPIAnouveaux pays industriels asiatiques
2%
OCDEOrganisation de coopération et de développement économiques
2%
gain de productivité en Francepar 3 entre 1945 et 1973
2%
valeur des matières premières entre 1955 et 1964perte de 20% du café, de 15% du coton
2%
endettement de l'Afrique subsaharienne en 1979plus de 70 milliards
2%
nombres de banques en faillites en 1931près de 2300
2%
élection libre en Pologne et en HongriePrintemps 1989
2%
dévaluation de la livre sterlingseptembre 1931
2%
pays du NPIASingapour, Taïwan, Hong Kong et la Corée du Sud
2%
croissance du PIB américainx2 entre 1939 et 1945
2%
PIB de la Corée du Sudx4 entre 1948 et 1975
2%
La Chine de Deng Xiaoping1978-1997
0%
exude rural importance8 millions de paysans entre 1946 et 1953
0%
GATTAccord général sur les tarifs douaniers et le commerce
0%

Distribution des résultats

Percentile par nombre de réponses

% des personnes avec chaque résultat

Votre développement - résultats

Vous n’avez pas pris ce quiz depuis la dernière actualisation